| 000 | 01386pam a2200325 a 4500 | ||
|---|---|---|---|
| 999 |
_c8826 _d8826 |
||
| 001 | 8826 | ||
| 003 | BD-JhCC | ||
| 005 | 20180304132458.0 | ||
| 008 | 830909s1983 ncu b 101 0 eng | ||
| 020 |
_a0822305623 (pbk. : alk. paper) : _c$9.75 (est.) |
||
| 020 |
_a0822305615 (hard : alk. paper) : _c$28.75 (est.) |
||
| 035 | _a(BD-JhCC)8826 | ||
| 040 |
_aDLC _cDLC _dDLC _dBD-JhCC |
||
| 041 | _aeng | ||
| 050 | 0 | 0 |
_aHD73 _b.S65 1983 |
| 082 | 0 | 0 |
_a338.9 _219 _bSOC 1983 |
| 245 | 0 | 2 |
_aA Society for International Development : _bprospectus 1984 / _cAnn Mattis, editor. |
| 260 |
_aDurham, N.C. : _bPublished by Duke University Press in collaboration with the Society for International Development, _c1983. |
||
| 300 |
_axx, 248 p. ; _c24 cm. |
||
| 440 | 0 | _aDuke Press policy studies, | |
| 500 | _aSelected proceedings from the 25th anniversary world conference of the Society for International Development held in July 1982 in Baltimore, Md. | ||
| 500 | _a"A special double issue of Development, seeds of change, village through global order, 1983:3 and 4"--P. [ii] | ||
| 504 | _aIncludes bibliographical references and index. | ||
| 650 | 0 |
_aEconomic development _xCongresses. |
|
| 700 | 1 |
_aMattis, Ann, _d1954- |
|
| 710 | 2 | _aSociety for International Development. | |
| 730 | 0 | _aDevelopment, seeds of change, village through global order. | |
| 942 |
_2ddc _cBK |
||